[Event "66.Camp. Veneto Quarti di Finale"]
[Site "Arquà Petrarca ITA"]
[Date "2006.05.07"]
[Round "3.18"]
[White "Zangrando, Gianpietro"]
[Black "Benà_261, Ermanno"]
[Result "1/2-1/2"]
[WhiteElo "1939"]
[BlackElo "1440"]
[Annotator "Gabriele Ballarin"]
[PlyCount "66"]
[EventDate "2006.05.06"]
[EventType "swiss"]
[EventRounds "6"]
[EventCountry "ITA"]

1. Nf3 d5 2. d4 Nf6 3. Bf4 Bf5 4. h3 h6 5. e3 e6 6. Nbd2 Bd6 7. Ne5 a6 8. c4 Nbd7 9. Qb3 Bxe5 10. dxe5 Nc5 11. Qa3 Nfd7 12. Be2 O-O 13. O-O c6 14. Rac1 Rc8 15. f3 a5 16. Rfd1 b6 17. Qc3 b5 18. cxb5 cxb5 19. Bxb5 Qb6 20. Bxd7 Nxd7 21. Qb3 Qa7 22. Kh2 g5 23. Bg3 Nc5 24. Qa3 Nb7 25. b4 Qb6 26. bxa5 Nxa5 27. e4 dxe4 28. Nxe4 Bxe4 29. fxe4 Nc4 30. Qf3 Qb2 31. a4 Nd2 32. Qf6 Rxc1 33. Qxh6 Nf1+ 1/2-1/2

[Event "66.Camp. Veneto Quarti di Finale"]
[Site "Arquà Petrarca ITA"]
[Date "2006.05.13"]
[Round "4.12"]
[White "Benà, Ermanno"]
[Black "Ravagnani, Tiziano"]
[Result "1/2-1/2"]
[WhiteElo "1440"]
[BlackElo "2055"]
[Annotator "Gabriele Ballarin"]
[PlyCount "70"]
[EventDate "2006.05.06"]
[EventType "swiss"]
[EventRounds "6"]
[EventCountry "ITA"]

1. c4 Nf6 2. Nc3 g6 3. Nf3 Bg7 4. g3 c5 5. Bg2 Nc6 6. O-O O-O 7. Rb1 d6 8. b3 Bf5 9. d3 Qd7 10. Bb2 Bh3 11. Nd5 Bxg2 12. Nxf6+ Bxf6 13. Kxg2 e5 14. e4 Bg7 15. Bc3 f5 16. b4 f4 17. b5 Ne7 18. h4 Bh6 19. Nh2 Bg7 20. Qg4 Qxg4 21. Nxg4 h5 22. Nh2 Bh6 23. Nf3 Rf7 24. Bd2 Kh7 25. Kh3 fxg3 26. Bxh6 Rxf3 27. Bg5 Ng8 28. fxg3 Raf8 29. Kg2 Rxf1 30. Rxf1 Rxf1 31. Kxf1 Kg7 32. a4 a6 33. Ke2 Kf7 34. Kf3 Ne7 35. Bxe7 Kxe7 1/2-1/2

[Event "66.Camp. Veneto Quarti di Finale"]
[Site "Arquà Petrarca ITA"]
[Date "2006.05.13"]
[Round "4.22"]
[White "Moscato, Riccardo"]
[Black "Bellini, Luca"]
[Result "0-1"]
[WhiteElo "1440"]
[BlackElo "1715"]
[Annotator "Gabriele Ballarin"]
[PlyCount "34"]
[EventDate "2006.05.06"]
[EventType "swiss"]
[EventRounds "6"]
[EventCountry "ITA"]

1. c4 e5 2. e4 Nf6 3. Nf3 Nc6 4. Nc3 Be7 5. Bd3 O-O 6. O-O d6 7. b3 Bg4 8. Bb2 Nd4 9. Re1 Nh5 10. Nd5 Bxf3 11. Nxe7+ Qxe7 12. gxf3 Nf4 13. Kh1 Nxd3 14. Rf1 Nxb2 15. Qb1 Qh4 16. Qxb2 Nxf3 17. Rg1 Qxh2# 0-1

[Event "66.Camp. Veneto Quarti di Finale"]
[Site "Arquà Petrarca ITA"]
[Date "2006.05.13"]
[Round "4.25"]
[White "Chiesa, Roberto"]
[Black "Vicentini, Giovanni"]
[Result "1-0"]
[WhiteElo "1680"]
[BlackElo "1440"]
[Annotator "Gabriele Ballarin"]
[PlyCount "65"]
[EventDate "2006.05.06"]
[EventType "swiss"]
[EventRounds "6"]
[EventCountry "ITA"]

1. f4 d5 2. Nf3 c5 3. e3 Nc6 4. Bb5 Bd7 5. b3 Nf6 6. Bb2 e6 7. O-O Bd6 8. Bxc6 Bxc6 9. Ne5 O-O 10. d3 Nd7 11. Nd2 f6 12. Nxc6 bxc6 13. Qg4 e5 14. Qe6+ Kh8 15. Qxd6 d4 16. exd4 exd4 17. Rae1 Qa5 18. Nc4 Qd8 19. Qxc6 Nb6 20. Qxc5 Nxc4 21. bxc4 Rb8 22. Qxd4 Qb6 23. Qxb6 Rxb6 24. Ba3 Rd8 25. Rb1 Ra6 26. Rb3 Re8 27. Rfb1 g6 28. Rb8 Rxb8 29. Rxb8+ Kg7 30. Rb7+ Kh6 31. Bf8+ Kh5 32. h3 Rxa2 33. Rxh7# 1-0

[Event "66.Camp. Veneto Quarti di Finale"]
[Site "Arquà Petrarca ITA"]
[Date "2006.05.14"]
[Round "5.17"]
[White "Sanavio, Giancarlo"]
[Black "Benà, Ermanno"]
[Result "1-0"]
[WhiteElo "1808"]
[BlackElo "1440"]
[Annotator "Gabriele Ballarin"]
[PlyCount "89"]
[EventDate "2006.05.06"]
[EventType "swiss"]
[EventRounds "6"]
[EventCountry "ITA"]

1. Nf3 d5 2. c4 c6 3. g3 Nf6 4. Bg2 g6 5. b3 Bg7 6. Bb2 O-O 7. O-O Bf5 8. Nh4 Be6 9. d3 Qc8 10. Nd2 Bh3 11. cxd5 Bxg2 12. Nxg2 Qh3 13. Nf4 Qd7 14. dxc6 Nxc6 15. Nf3 Rac8 16. d4 Bh6 17. e3 Nb4 18. a3 Nbd5 19. Qe2 Ne4 20. Rac1 Ng5 21. Ne5 Nh3+ 22. Nxh3 Qxh3 23. Rc5 Rxc5 24. dxc5 Qe6 25. Qg4 Qc8 26. Qd4 Nf6 27. g4 Rd8 28. Qc4 e6 29. Nxg6 hxg6 30. Bxf6 Rd5 31. b4 Qc6 32. Qc2 a5 33. Bb2 axb4 34. axb4 b6 35. Qc3 e5 36. e4 Rd4 37. cxb6 Qxe4 38. Qc8+ Kh7 39. Bxd4 exd4 40. b7 Bf4 41. b8=Q Bxb8 42. Qxb8 Qxg4+ 43. Qg3 Qe6 44. Rd1 Qc4 45. Qh4+ 1-0

[Event "66.Camp. Veneto Quarti di Finale"]
[Site "Arquà Petrarca ITA"]
[Date "2006.05.14"]
[Round "5.25"]
[White "Vicentini, Giovanni"]
[Black "Colusso, Enrico"]
[Result "0-1"]
[WhiteElo "1440"]
[BlackElo "1733"]
[Annotator "Gabriele Ballarin"]
[PlyCount "38"]
[EventDate "2006.05.06"]
[EventType "swiss"]
[EventRounds "6"]
[EventCountry "ITA"]

1. d4 Nf6 2. c4 g6 3. Nc3 d5 4. cxd5 Nxd5 5. e4 Nxc3 6. bxc3 Bg7 7. Nf3 O-O 8. Bf4 c5 9. Bc4 Bg4 10. e5 Nc6 11. Qd3 Bxf3 12. Qxf3 cxd4 13. cxd4 Qxd4 14. Qd5 Qxa1+ 15. Qd1 Qc3+ 16. Ke2 Qxc4+ 17. Kf3 Rad8 18. Qe1 Nd4+ 19. Kg4 h5+ 0-1

[Event "66.Camp. Veneto Quarti di Finale"]
[Site "Arquà Petrarca ITA"]
[Date "2006.05.14"]
[Round "6.21"]
[White "Benà_261, Ermanno"]
[Black "Baldi, Giancarlo"]
[Result "0-1"]
[WhiteElo "1440"]
[BlackElo "1692"]
[Annotator "Gabriele Ballarin"]
[PlyCount "76"]
[EventDate "2006.05.06"]
[EventType "swiss"]
[EventRounds "6"]
[EventCountry "ITA"]

1. c4 e5 2. Nc3 Nf6 3. Nf3 Nc6 4. g3 g6 5. d3 Bg7 6. Bg2 O-O 7. O-O h6 8. Rb1 d6 9. Bd2 Be6 10. Qc1 Kh7 11. e4 Nd7 12. a3 Ne7 13. b4 c6 14. b5 d5 15. exd5 cxd5 16. Na4 Rc8 17. Bb4 dxc4 18. dxc4 Bxc4 19. Rd1 Bxb5 20. Bxe7 Qxe7 21. Nc3 Bc6 22. Rb4 f5 23. Qd2 Rfd8 24. Qe1 Bxf3 25. Bxf3 e4 26. Nd5 Qf7 27. Be2 Ne5 28. Qd2 Nd3 29. Bxd3 Rxd5 30. Qa2 exd3 31. Rxd3 Rcd8 32. Rb5 Rxb5 33. Qxf7 Rxd3 34. Qc4 Rdb3 35. a4 R5b4 36. Qc2 Rb2 37. Qd3 Rxa4 38. Qd7 Raa2 0-1

[Event "66.Camp. Veneto Quarti di Finale"]
[Site "Arquà Petrarca ITA"]
[Date "2006.05.14"]
[Round "6.25"]
[White "Vicentini, Giovanni"]
[Black "Brugnaro, Luca"]
[Result "0-1"]
[WhiteElo "1440"]
[BlackElo "1332"]
[Annotator "Gabriele Ballarin"]
[PlyCount "98"]
[EventDate "2006.05.06"]
[EventType "swiss"]
[EventRounds "6"]
[EventCountry "ITA"]

1. d4 Nf6 2. c4 g6 3. Nc3 d5 4. e3 c6 5. Nf3 Bg7 6. Bd3 O-O 7. O-O Nbd7 8. e4 dxe4 9. Nxe4 Nxe4 10. Bxe4 Nf6 11. Bd3 Bg4 12. Be3 Nh5 13. Be2 Qc7 14. Re1 Rad8 15. h3 Bxf3 16. Bxf3 Nf4 17. Bxf4 Qxf4 18. Rxe7 Rxd4 19. Qb3 Rd2 20. Rb1 Qd4 21. Re2 Rxe2 22. Bxe2 Qd2 23. Kf1 Re8 24. Re1 Bxb2 25. Qxb7 Bc3 26. Qb1 Qxe1+ 27. Qxe1 Bxe1 28. Kxe1 c5 29. Kd2 Kf8 30. Bf3 Ke7 31. Bc6 Rb8 32. Ke3 Rb6 33. Bd5 Ra6 34. g4 Rxa2 35. f4 Ra3+ 36. Ke4 Rxh3 37. Bc6 Rg3 38. g5 f6 39. gxf6+ Kxf6 40. Bd7 a5 41. f5 g5 42. Be8 Rh3 43. Bd7 Rh4+ 44. Kf3 Rxc4 45. Bb5 Rf4+ 46. Kg3 Rxf5 47. Kg4 h6 48. Kh5 Rf4 49. Be2 Rh4# 0-1

[Event "66.Open B Nazionale Qualificazione"]
[Site "Cortina d'Ampezzo ITA"]
[Date "2006.07.09"]
[Round "1.1"]
[White "Barletta, Antonio"]
[Black "Reginato, Mauro"]
[Result "1/2-1/2"]
[WhiteElo "2097"]
[BlackElo "1823"]
[Annotator "Gabriele Ballarin"]
[PlyCount "57"]
[EventDate "2006.07.09"]
[EventType "swiss"]
[EventCountry "ITA"]

1. e4 e5 2. Nf3 Nc6 3. Bb5 a6 4. Ba4 Nf6 5. d3 b5 6. Bb3 Be7 7. Nbd2 d6 8. c3 Na5 9. Bc2 c5 10. Nf1 Qc7 11. Ng3 d5 12. exd5 Nxd5 13. O-O O-O 14. Re1 Nc6 15. Qe2 Nf4 16. Bxf4 exf4 17. Ne4 Bg4 18. d4 c4 19. d5 Na5 20. d6 Bxd6 21. Nxd6 Bxf3 22. Qxf3 Qxd6 23. Rad1 Rae8 24. Re4 Rxe4 25. Qxe4 Qg6 26. Qxg6 fxg6 27. Be4 Rf6 28. Rd7 h6 29. Kf1 1/2-1/2

[Event "66.Open B Nazionale Qualificazione"]
[Site "Cortina d'Ampezzo ITA"]
[Date "2006.07.09"]
[Round "1.2"]
[White "Zambon, Roberto"]
[Black "Cardili, Mariano"]
[Result "1-0"]
[WhiteElo "1817"]
[BlackElo "2088"]
[Annotator "Gabriele Ballarin"]
[PlyCount "78"]
[EventDate "2006.07.09"]
[EventType "swiss"]
[EventCountry "ITA"]

1. d4 d5 2. c4 c6 3. Nf3 Nf6 4. Nc3 dxc4 5. a4 Bf5 6. e3 e6 7. Bxc4 Bb4 8. O-O O-O 9. Qb3 Qe7 10. Na2 Bd6 11. Bd2 a5 12. Qd1 Nbd7 13. Nc3 e5 14. dxe5 Nxe5 15. Be2 Nxf3+ 16. Bxf3 Rfd8 17. g3 Ne4 18. Nxe4 Bxe4 19. Bxe4 Qxe4 20. Qe1 Bb4 21. Bxb4 axb4 22. Qc1 h5 23. Rd1 h4 24. gxh4 Qg4+ 25. Kh1 Qxh4 26. Qc2 Qg4 27. b3 Qf3+ 28. Kg1 Qg4+ 29. Kh1 Qf3+ 30. Kg1 Qf6 31. Rac1 Ra5 32. Rxd8+ Qxd8 33. Rd1 Rg5+ 34. Kf1 Qc8 35. Rd4 Qh3+ 36. Ke2 Qh5+ 37. Kd2 Rd5 38. Rxd5 Qxd5+ 39. Qd3 Qg5 1-0

[Event "66.Open B Nazionale Qualificazione"]
[Site "Cortina d'Ampezzo ITA"]
[Date "2006.07.09"]
[Round "1.3"]
[White "Quaranta, Cristiano"]
[Black "Sorbelli, Massimo"]
[Result "1-0"]
[WhiteElo "2088"]
[BlackElo "1796"]
[Annotator "Gabriele Ballarin"]
[PlyCount "91"]
[EventDate "2006.07.09"]
[EventType "swiss"]
[EventCountry "ITA"]

1. d4 d5 2. c4 e6 3. Nc3 Nf6 4. cxd5 exd5 5. Bg5 c6 6. e3 h6 7. Bh4 Bf5 8. Qf3 Bg6 9. Bxf6 Qxf6 10. Qxf6 gxf6 11. Nf3 Nd7 12. g3 Bb4 13. a3 Ba5 14. b4 Bc7 15. Rc1 Bd6 16. Na4 Be4 17. Bg2 h5 18. Nh4 Bxg2 19. Nxg2 Nb6 20. Nc5 Rb8 21. Ke2 Nc4 22. a4 b5 23. a5 Rg8 24. Nh4 Bxc5 25. dxc5 Kd7 26. Rhd1 Rbe8 27. Rd4 Rg4 28. Rcd1 Rge4 29. Nf5 R8e5 30. Rxe4 Rxe4 31. Rd4 Re5 32. Rf4 Ke8 33. Nd4 Re6 34. Rh4 Re4 35. Rxh5 Kd7 36. Rf5 Ke7 37. Nxc6+ Ke6 38. Rf4 a6 39. Rxe4+ dxe4 40. Nb8 Ne5 41. Nxa6 Kd7 42. c6+ Kxc6 43. Nc5 f5 44. h4 Ng4 45. f3 Nf6 46. Nb3 1-0

[Event "66.Open B Nazionale Qualificazione"]
[Site "Cortina d'Ampezzo ITA"]
[Date "2006.07.09"]
[Round "1.4"]
[White "Gagliardi, Claudio"]
[Black "Petruccioli, Antonio"]
[Result "0-1"]
[WhiteElo "1791"]
[BlackElo "2083"]
[Annotator "Gabriele Ballarin"]
[PlyCount "62"]
[EventDate "2006.07.09"]
[EventType "swiss"]
[EventCountry "ITA"]

1. d4 c5 2. d5 b5 3. a4 b4 4. e4 Qc7 5. Bc4 d6 6. Qd3 Nf6 7. b3 g6 8. Bb2 Bg7 9. Ra2 O-O 10. Ne2 Nbd7 11. f4 Nb6 12. Nd2 Nxc4 13. Nxc4 a5 14. O-O Ba6 15. Nc1 Rfe8 16. c3 Rad8 17. cxb4 axb4 18. Qf3 e6 19. dxe6 fxe6 20. Rd1 Bb7 21. Nd2 Qc6 22. Re1 Rf8 23. Nd3 Bh6 24. Bxf6 Rxf6 25. Nc4 Rdf8 26. Na5 Qc7 27. Nxb7 Qxb7 28. g3 e5 29. Qg4 exf4 30. Nxf4 Bxf4 31. gxf4 Qf7 0-1

[Event "66.Open B Nazionale Qualificazione"]
[Site "Cortina d'Ampezzo ITA"]
[Date "2006.07.09"]
[Round "1.5"]
[White "Occari, Maurizio"]
[Black "Bedin, Alberto"]
[Result "1-0"]
[WhiteElo "2082"]
[BlackElo "1751"]
[Annotator "Gabriele Ballarin"]
[PlyCount "39"]
[EventDate "2006.07.09"]
[EventType "swiss"]
[EventCountry "ITA"]

1. e4 c5 2. Nc3 Nc6 3. d3 g6 4. Be3 d6 5. g3 Bg7 6. Bg2 Nf6 7. f3 O-O 8. Qd2 b6 9. Bh6 Bb7 10. h4 Re8 11. Bxg7 Kxg7 12. h5 Ne5 13. hxg6 fxg6 14. f4 Nf7 15. O-O-O e5 16. Nf3 a6 17. f5 Qe7 18. Ng5 Nxg5 19. Qxg5 Ng8 20. Rxh7+ 1-0

[Event "66.Open B Nazionale Qualificazione"]
[Site "Cortina d'Ampezzo ITA"]
[Date "2006.07.09"]
[Round "1.6"]
[White "Fortunato, Vito"]
[Black "Crippa, Gabriele"]
[Result "0-1"]
[WhiteElo "1751"]
[BlackElo "2078"]
[Annotator "Gabriele Ballarin"]
[PlyCount "106"]
[EventDate "2006.07.09"]
[EventType "swiss"]
[EventCountry "ITA"]

1. c4 g6 2. Nc3 Bg7 3. d4 d6 4. Nf3 e5 5. dxe5 dxe5 6. Qxd8+ Kxd8 7. g3 c6 8. Bg2 f6 9. O-O Nh6 10. b3 Kc7 11. Rd1 Nd7 12. Ba3 Bf8 13. Bb2 Be7 14. Rd2 Rd8 15. Rad1 Nf7 16. a3 Nf8 17. Rxd8 Nxd8 18. b4 Nf7 19. c5 Bf5 20. e4 Bg4 21. h3 Be6 22. Bf1 g5 23. Nd2 h5 24. Nc4 b5 25. cxb6+ axb6 26. Ne3 Nd6 27. f3 b5 28. Kg2 Nd7 29. Rc1 Kb7 30. Ncd1 Nb6 31. Ra1 Bc4 32. Bxc4 Ndxc4 33. Nf5 Bf8 34. Bc1 Bxb4 35. h4 gxh4 36. gxh4 Bxa3 37. Bh6 Rg8+ 38. Kh3 Bc5 39. Bg7 Nd6 40. Nxd6+ Bxd6 41. Bxf6 Rf8 42. Bg5 Rxf3+ 43. Kg2 Ra3 44. Rc1 Nc4 45. Kf2 Bc5+ 46. Ke2 Bd4 47. Rc2 Rh3 48. Rc1 Nd6 49. Nf2 Rh2 50. Be3 Nxe4 51. Bxd4 exd4 52. Kd3 Nxf2+ 53. Kxd4 Rxh4+ 0-1

[Event "66.Open B Nazionale Qualificazione"]
[Site "Cortina d'Ampezzo ITA"]
[Date "2006.07.09"]
[Round "1.7"]
[White "Solinas, Carlo"]
[Black "Broli, Carlo"]
[Result "1/2-1/2"]
[WhiteElo "2006"]
[BlackElo "1746"]
[Annotator "Gabriele Ballarin"]
[PlyCount "109"]
[EventDate "2006.07.09"]
[EventType "swiss"]
[EventCountry "ITA"]

1. e4 Nf6 2. e5 Nd5 3. Nc3 e6 4. Qf3 Nxc3 5. dxc3 d6 6. Bf4 Nc6 7. O-O-O d5 8. Qg3 h6 9. h4 Ne7 10. Bd3 Bd7 11. Nf3 c5 12. c4 Qa5 13. Kb1 b5 14. cxd5 Nxd5 15. Be4 Bc6 16. Bxd5 Bxd5 17. Rxd5 exd5 18. e6 Qa6 19. exf7+ Kxf7 20. Ne5+ Kg8 21. Ng6 Re8 22. Nxh8 Kxh8 23. Be5 c4 24. Re1 Kh7 25. f4 Qg6 26. Qf3 d4 27. h5 Qb6 28. Rd1 Rd8 29. Qe4+ Kg8 30. g4 d3 31. cxd3 cxd3 32. Rxd3 Rxd3 33. Qxd3 Qg1+ 34. Kc2 Qxg4 35. Qd5+ Kh7 36. Qe4+ Kg8 37. Qd5+ Kh7 38. a3 Qe2+ 39. Kb3 a6 40. Qf7 Qd3+ 41. Ka2 Qc4+ 42. Qxc4 bxc4 43. f5 Kg8 44. Kb1 Kf7 45. Kc2 Be7 46. Kc3 Bf6 47. Kd4 Bxe5+ 48. Kxe5 Ke7 49. Kd5 Kf6 50. Kxc4 Kxf5 51. b4 g5 52. hxg6 Kxg6 53. a4 h5 54. b5 axb5+ 55. axb5 1/2-1/2

[Event "66.Open B Nazionale Qualificazione"]
[Site "Cortina d'Ampezzo ITA"]
[Date "2006.07.09"]
[Round "1.8"]
[White "Chiereghin, Franco"]
[Black "Rorato, Giovanni"]
[Result "0-1"]
[WhiteElo "1708"]
[BlackElo "2057"]
[Annotator "Gabriele Ballarin"]
[PlyCount "117"]
[EventDate "2006.07.09"]
[EventType "swiss"]
[EventCountry "ITA"]

1. f4 d5 2. Nf3 Nf6 3. e3 c5 4. Bb5+ Nbd7 5. O-O e6 6. b3 Bd6 7. Bb2 O-O 8. Ne5 a6 9. Bxd7 Nxd7 10. Nxd7 Bxd7 11. d3 Qe7 12. Qf3 Bc6 13. Nd2 f6 14. Rae1 b5 15. Qh3 e5 16. fxe5 fxe5 17. Qh5 g6 18. Qh6 Qg7 19. Qxg7+ Kxg7 20. e4 d4 21. Rxf8 Rxf8 22. Rf1 Re8 23. h3 Bc7 24. Nf3 h6 25. Rc1 Bd7 26. Ba3 Bb6 27. Bb2 Kf6 28. Rf1 Kg7 29. c3 Bc7 30. Rc1 Bd6 31. b4 dxc3 32. Bxc3 cxb4 33. Ba1 Kf6 34. d4 exd4 35. Bxd4+ Ke6 36. Be3 Rc8 37. Rxc8 Bxc8 38. Bxh6 Bb7 39. Nd2 Ke5 40. Bg7+ Kf4 41. Bh6+ Ke5 42. Bg7+ Ke6 43. Bh6 Kf7 44. Kf2 Bc8 45. Ke3 a5 46. Kd3 a4 47. Kc2 Be6 48. Kb1 Bc5 49. Bf4 Ke7 50. g4 Bf7 51. Be5 Ke6 52. Bf4 Be8 53. Bh6 Ke5 54. Bg7+ Kf4 55. Kc2 Bf7 56. Kb1 Ke3 57. Bh6+ Kd3 58. Nf3 Be6 59. Ng5 {Nur} 0-1

[Event "66.Open B Nazionale Qualificazione"]
[Site "Cortina d'Ampezzo ITA"]
[Date "2006.07.09"]
[Round "1.9"]
[White "Ricci, Alfredo"]
[Black "Cavazzoni, Carlo Alberto"]
[Result "1-0"]
[WhiteElo "2036"]
[BlackElo "1682"]
[Annotator "Gabriele Ballarin"]
[PlyCount "31"]
[EventDate "2006.07.09"]
[EventType "swiss"]
[EventCountry "ITA"]

1. e4 e6 2. d4 d5 3. exd5 exd5 4. Nf3 Nc6 5. c4 Bb4+ 6. Nc3 Nf6 7. Bg5 Qd6 8. Bxf6 Qxf6 9. cxd5 Ne7 10. Qa4+ c6 11. Qxb4 Nxd5 12. Nxd5 cxd5 13. Bb5+ Bd7 14. Bxd7+ Kxd7 15. Qxb7+ Kd6 16. Qb4+ 1-0

[Event "66.Open B Nazionale Qualificazione"]
[Site "Cortina d'Ampezzo ITA"]
[Date "2006.07.09"]
[Round "1.10"]
[White "Senesi, Glauco"]
[Black "Velluti, Alberto"]
[Result "1/2-1/2"]
[WhiteElo "1679"]
[BlackElo "2019"]
[Annotator "Gabriele Ballarin"]
[PlyCount "47"]
[EventDate "2006.07.09"]
[EventType "swiss"]
[EventCountry "ITA"]

1. d4 Nf6 2. Nf3 b6 3. e3 Bb7 4. Nbd2 e6 5. Bd3 c5 6. c3 Be7 7. O-O O-O 8. Qe2 Re8 9. e4 d6 10. Ng5 cxd4 11. cxd4 Nc6 12. Ndf3 Nb4 13. Bb5 Bc6 14. Bc4 d5 15. exd5 Bxd5 16. Ne5 Bxc4 17. Qxc4 Rc8 18. Qb3 Nc2 19. Nexf7 Nxd4 20. Nxd8 Nxb3 21. axb3 Rcxd8 22. Rxa7 Bc5 23. h3 h6 24. Nf3 {=} 1/2-1/2

[Event "66.Open B Nazionale Qualificazione"]
[Site "Cortina d'Ampezzo ITA"]
[Date "2006.07.09"]
[Round "1.11"]
[White "Buratti, Marco"]
[Black "Biancotti, Alessandro"]
[Result "1/2-1/2"]
[WhiteElo "2018"]
[BlackElo "1678"]
[Annotator "Gabriele Ballarin"]
[PlyCount "38"]
[EventDate "2006.07.09"]
[EventType "swiss"]
[EventCountry "ITA"]

1. e4 c5 2. Nc3 d6 3. Bc4 Nc6 4. d3 Nf6 5. Nge2 e6 6. O-O Be7 7. Nf4 O-O 8. a4 a6 9. h3 Bd7 10. g4 h6 11. Nce2 Ne5 12. Ng3 Nxc4 13. dxc4 Bc6 14. Qe2 Qa5 15. Bd2 Qc7 16. Rfe1 Rfd8 17. Nd5 exd5 18. exd5 Bd7 19. Bxh6 Bf8 1/2-1/2

[Event "66.Open B Nazionale Qualificazione"]
[Site "Cortina d'Ampezzo ITA"]
[Date "2006.07.09"]
[Round "1.12"]
[White "Moscarino, Carlo"]
[Black "Cecchetto, Vanni"]
[Result "0-1"]
[WhiteElo "1661"]
[BlackElo "2006"]
[Annotator "Gabriele Ballarin"]
[PlyCount "64"]
[EventDate "2006.07.09"]
[EventType "swiss"]
[EventCountry "ITA"]

1. e4 g6 2. Nf3 Bg7 3. d4 d6 4. Nc3 Bg4 5. Be2 Nc6 6. Be3 e5 7. O-O Bxf3 8. dxe5 Bxe2 9. Qxe2 Bxe5 10. f4 Bd4 11. Bxd4 Nxd4 12. Qf2 Nc6 13. Rad1 Nge7 14. Nd5 Nxd5 15. exd5 Ne7 16. Qd4 Kd7 17. Rd3 Nf5 18. Qf2 Qf6 19. c4 h5 20. c5 Rhe8 21. c6+ bxc6 22. dxc6+ Ke7 23. Rb3 Qd4 24. Re1+ Kf8 25. Rxe8+ Rxe8 26. Qxd4 Nxd4 27. Rb7 Re7 28. Rxa7 Nxc6 29. Ra4 d5 30. b4 d4 31. b5 d3 32. bxc6 d2 0-1

[Event "66.Open B Nazionale Qualificazione"]
[Site "Cortina d'Ampezzo ITA"]
[Date "2006.07.09"]
[Round "1.13"]
[White "Garvani, Vittorio"]
[Black "Battiston, Gianfranco"]
[Result "1-0"]
[WhiteElo "1997"]
[BlackElo "1652"]
[Annotator "Gabriele Ballarin"]
[PlyCount "115"]
[EventDate "2006.07.09"]
[EventType "swiss"]
[EventCountry "ITA"]

1. c4 Nf6 2. g3 c5 3. Bg2 e6 4. Nf3 Be7 5. O-O O-O 6. d3 d5 7. Nbd2 Nc6 8. b3 Qc7 9. Re1 Ng4 10. cxd5 exd5 11. Bb2 Be6 12. Rc1 Qb8 13. h3 Nge5 14. Nxe5 Nxe5 15. d4 cxd4 16. Bxd4 Nc6 17. Bb2 Qd8 18. Nf1 Qa5 19. a3 Qb6 20. Ne3 d4 21. Nc4 Bxc4 22. Rxc4 Rfd8 23. Bxc6 bxc6 24. Qc2 c5 25. Rb1 Qh6 26. Kg2 Rab8 27. a4 Qc6+ 28. f3 Qd5 29. Rd1 Qb7 30. Rd3 Bd6 31. Ba3 Rbc8 32. Bxc5 Bxc5 33. Rxc5 Rxc5 34. Qxc5 Re8 35. Kf2 Qd7 36. g4 Qe6 37. e3 Qh6 38. Qxd4 Qxh3 39. Qf4 Qh4+ 40. Qg3 Qf6 41. Qg1 Qb2+ 42. Kg3 Qe5+ 43. f4 Qe4 44. Qd1 g5 45. Qd2 gxf4+ 46. exf4 Qh1 47. Qf2 Qc1 48. Qxa7 Qe1+ 49. Qf2 Qe4 50. Qd2 Qh1 51. Qd1 Qe4 52. Rf3 Re6 53. Qd2 h6 54. a5 Kg7 55. Qc3+ f6 56. b4 Rc6 57. Qd2 Re6 58. b5 1-0

[Event "66.Open B Nazionale Qualificazione"]
[Site "Cortina d'Ampezzo ITA"]
[Date "2006.07.09"]
[Round "1.14"]
[White "Vocaturo, Ilaria"]
[Black "Carola, Paolo"]
[Result "1-0"]
[WhiteElo "1580"]
[BlackElo "1989"]
[Annotator "Gabriele Ballarin"]
[PlyCount "61"]
[EventDate "2006.07.09"]
[EventType "swiss"]
[EventCountry "ITA"]

1. d4 f5 2. Nf3 Nf6 3. Bg5 Ne4 4. Bf4 d6 5. e3 g6 6. Nbd2 Nxd2 7. Qxd2 Bg7 8. Bc4 e6 9. O-O O-O 10. Rfe1 Nc6 11. Rad1 Bd7 12. a3 Qc8 13. b4 a6 14. Bb3 Kh8 15. Bg3 Bh6 16. Qd3 Nd8 17. Qe2 Nf7 18. h3 Qe8 19. Qd3 a5 20. bxa5 Rxa5 21. Qc3 Rxa3 22. Qxc7 f4 23. exf4 Nd8 24. f5 Rxf5 25. Bxd6 Ra6 26. d5 Rxd6 27. Qxd6 Bf4 28. Qb6 e5 29. Nd4 Ne6 30. Nxe6 Bxe6 31. Qxe6 1-0

[Event "66.Open B Nazionale Qualificazione"]
[Site "Cortina d'Ampezzo ITA"]
[Date "2006.07.09"]
[Round "1.15"]
[White "De Nardi, Riccardo"]
[Black "Reginato, Lino"]
[Result "1-0"]
[WhiteElo "1973"]
[BlackElo "1575"]
[Annotator "Gabriele Ballarin"]
[PlyCount "107"]
[EventDate "2006.07.09"]
[EventType "swiss"]
[EventCountry "ITA"]

1. e4 e5 2. Nf3 Nf6 3. Nc3 d6 4. Bc4 a6 5. O-O b5 6. Bb3 b4 7. Nd5 Nxe4 8. Re1 Nc5 9. d4 Nxb3 10. axb3 Be6 11. dxe5 dxe5 12. Rxe5 Nc6 13. Re1 Be7 14. Nxe7 Qxd1 15. Rxd1 Kxe7 16. Bf4 Rhc8 17. Re1 f6 18. Rad1 Kf7 19. Rd2 Ne7 20. Rde2 Nd5 21. Rxe6 Nxf4 22. Re7+ Kf8 23. Kf1 c5 24. g3 Ng6 25. Rb7 a5 26. Rd1 Rd8 27. Rxd8+ Rxd8 28. Rb5 Rd1+ 29. Ke2 Rd5 30. Rxa5 Ne5 31. Nxe5 Rxe5+ 32. Kd3 c4+ 33. Kxc4 Rxa5 34. Kxb4 Re5 35. c4 Re2 36. Ka5 Rxb2 37. b4 Ra2+ 38. Kb6 Rxf2 39. c5 Ke8 40. b5 Kd8 41. Kb7 Re2 42. b6 Re7+ 43. Ka8 Re6 44. Kb7 Kd7 45. Ka7 Rc6 (45... Kc6 $1 46. b7 Re7) 46. b7 Rc7 47. Kb6 Rc6+ 48. Kb5 Rxc5+ 49. Kxc5 Kc7 50. Kd5 Kxb7 51. Ke6 Kc6 52. Kf7 f5 53. Kxg7 Kd6 54. Kf6 1-0

[Event "66.Open B Nazionale Qualificazione"]
[Site "Cortina d'Ampezzo ITA"]
[Date "2006.07.09"]
[Round "1.16"]
[White "Catalano, Luigi"]
[Black "Tomio, Dante"]
[Result "1/2-1/2"]
[WhiteElo "1565"]
[BlackElo "1969"]
[Annotator "Gabriele Ballarin"]
[PlyCount "68"]
[EventDate "2006.07.09"]
[EventType "swiss"]
[EventCountry "ITA"]

1. e4 c5 2. Nf3 d6 3. g3 Nc6 4. Bg2 g6 5. d3 Bg7 6. O-O Nf6 7. Nbd2 O-O 8. Rb1 Qc7 9. a3 Rb8 10. Re1 b5 11. Nf1 a5 12. Bd2 b4 13. Qc1 Nd4 14. Nxd4 cxd4 15. axb4 axb4 16. Bh6 Bxh6 17. Qxh6 Qxc2 18. Qd2 b3 19. Ra1 Be6 20. Ra7 Rfe8 21. Rc1 Qxd2 22. Nxd2 Kf8 23. Nf3 Rb4 24. e5 dxe5 25. Nxe5 Rbb8 26. Rcc7 Rbc8 27. Bc6 Rxc7 28. Rxc7 Rc8 29. Rxc8+ Bxc8 30. Ba4 Be6 31. Nf3 Bf5 32. Nxd4 Bxd3 33. Nxb3 Nd5 34. Nc5 Be2 1/2-1/2

[Event "66.Open B Nazionale Qualificazione"]
[Site "Cortina d'Ampezzo ITA"]
[Date "2006.07.09"]
[Round "1.17"]
[White "Forato, Enrico"]
[Black "Cantalupo, Corrado"]
[Result "1-0"]
[WhiteElo "1949"]
[BlackElo "1547"]
[Annotator "Gabriele Ballarin"]
[PlyCount "35"]
[EventDate "2006.07.09"]
[EventType "swiss"]
[EventCountry "ITA"]

1. e4 e5 2. Nf3 Nc6 3. d4 exd4 4. Bc4 h6 5. O-O Bc5 6. c3 dxc3 7. Bxf7+ Kxf7 8. Qd5+ Ke8 9. Qxc5 Nge7 10. Nxc3 d6 11. Qe3 Bg4 12. Nd5 Bxf3 13. Qxf3 Rf8 14. Qh5+ Kd7 15. Qg4+ Ke8 16. Qxg7 Ne5 17. Bxh6 Rg8 18. Nf6# 1-0